000 02029nab a2200253 i 4500
003 MX-MxUPN
005 20260109154402.0
007 cr a
008 260109s2023 ag|a||||o|||| 00| 0 spa d
040 _aMX-MxUPN
_bspa
_cMX-MxUPN
041 0 _aspa
100 1 _aGarcía, Susana
_958611
245 1 3 _aLa transición de la escolaridad primaria a la secundaria en la ciudad de Neuquén :
_bun verdadero desafío
_h[recurso electrónico en línea]
506 0 _aAcceso abierto.
520 3 _aEste artículo es un avance de la tesis doctoral1 “La situación de repitencia: experiencias y vivencias de estudiantes de nivel medio” que analiza las trayectorias escolares de los/as adolescentes y jóvenes que han reprobado un año de estudio en los dos primeros años del nivel secundario. La investigación tiene como objetivo visibilizar los nudos críticos que los/as estudiantes vivencian en esta etapa. Se aborda a través de una investigación cualitativa, de carácter exploratorio, cuya muestra intencional la constituyen los testimonios de los/as estudiantes que desaprobaron el año transitado. Se consideran las experiencias de estudiantes y profesores/as en el proceso de transición de la escuela primaria a la secundaria, teniendo en cuenta las condiciones institucionales que interfieren en las trayectorias escolares, poniendo en riesgo la permanencia y el egreso del nivel. El desafío actual es lograr la mejora del nivel desde el consenso institucional, que comprenda el análisis de las prácticas de enseñanza y la consideración de las consecuencias que las mismas pueden producir en los desempeños académicos.
653 0 _aEscuela secundaria
653 0 _aTrayectorias escolares
653 0 _aTransición primaria/secundaria
650 4 _aEstudiantes
_913250
773 _gVol. 22, no. 22 (octubre 2023), p. 1-25
_tEducación, lenguaje y sociedad
_x2545-7667
856 4 0 _uhttps://cerac.unlpam.edu.ar/index.php/els/article/view/7876
902 _aVíctor Ruiz/090126
942 _2lcc
_cART-E
999 _c214547
_d214547